| 000 | 00419nam a22001577a 4500 | ||
|---|---|---|---|
| 005 | 20250521134325.0 | ||
| 008 | 250521b |||||||| |||| 00| 0 eng d | ||
| 020 | _a9780071285889 | ||
| 050 |
_aHD 38.5 W 436 WEB _b1 |
||
| 100 | _aWEBSTER, Scott | ||
| 245 | _a Principles and tools for Supply chain management: | ||
| 260 |
_aBoston _bMc graw -Hill _c2008 |
||
| 300 | _axiii,450p | ||
| 500 | _aindex | ||
| 942 |
_2lcc _cBK _n0 |
||
| 999 |
_c5897 _d5897 |
||